[Event "POL-ch Rapid U18"]
[Site "Bydgoszcz"]
[Date "2023.08.29"]
[Round "1"]
[White "Pawluczuk, Maciej"]
[Black "Gibala, Adam"]
[Result "0-1"]
[WhiteElo "1154"]
[BlackElo "1742"]
[PlyCount "86"]
[EventDate "2023.08.28"]
[EventType "swiss"]
[EventRounds "11"]
[EventCountry "POL"]
[SourceTitle "EXT 2024"]
[Source "ChessBase"]
[SourceDate "2023.10.10"]
[SourceVersion "1"]
[SourceVersionDate "2023.10.10"]
[SourceQuality "1"]

1. e4 c5 2. Nf3 Nc6 3. c3 d5 4. e5 e6 5. d4 Bd7 6. Bd3 cxd4 7. cxd4 Qb6 8. Bc2 Nb4 9. Nc3 Qa6 10. a3 Nxc2+ 11. Qxc2 Ne7 12. Be3 Nc6 13. Nd2 Rc8 14. Nb3 Qc4 15. 0-0-0 a5 16. Kb1 b6 17. Qd2 Qa6 18. Rc1 a4 19. Na1 Na5 20. Nc2 Nb3 21. Qe1 Nxc1 22. Bxc1 Qd3 23. Be3 Bxa3 24. Kc1 Rxc3 25. Qd1 Bxb2+ 26. Kxb2 a3+ 27. Kc1 Qxd1+ 28. Rxd1 Rxc2+ 29. Kxc2 Ba4+ 30. Kb1 Bxd1 31. Ka2 Kd7 32. Kxa3 Kc6 33. f4 Kb5 34. g3 Kc4 35. h4 Kc3 36. Ka2 Bc2 37. Bd2+ Kxd2 38. Kb2 Rc8 39. g4 Rc3 40. Ka1 Rb3 41. Ka2 Kc3 42. Ka1 Bb1 43. f5 Kc2 0-1